| 000 | 00758nam a2200277 u 4500 | ||
|---|---|---|---|
| 001 | 000020282 | ||
| 003 | DO-SdBNP | ||
| 005 | 20160915112038.0 | ||
| 007 | 000020282 | ||
| 008 | 100804s2011 sp a r 000 0 spa d | ||
| 020 | _a9972625540 | ||
| 040 |
_aBPMSU _bspa _cBPMSU |
||
| 092 |
_a863 _bC965cu |
||
| 110 |
_4Ediciones Euromexico _4 |
||
| 245 | 1 | 0 | _aCuentos clásicos infantiles |
| 260 |
_aBarcelona : _bLexus Ediotres, _c2003 |
||
| 300 |
_a195 p. : _bil. ; _c29 cm. |
||
| 500 | _a | ||
| 650 | 4 | _aCUENTOS INFANTILES | |
| 650 | 4 | _a CUENTOS DE HADAS | |
| 650 | 4 | _aLITERATURA INFANTIL | |
| 650 | 4 | _aLITERATURA CLÁSICA | |
| 910 | _aValidado. Control de calidad MFF | ||
| 942 |
_2ddc _cBK |
||
| 956 |
_aVMATEO _b10 _c20160914 _lBPMSU _h0069 |
||
| 999 |
_c11369 _d11369 |
||